|
|
|
|
| LEADER |
00937nam a22002652a 4500 |
| 001 |
001763272 |
| 003 |
CZ BrMZK |
| 005 |
20201202151059.0 |
| 007 |
ta |
| 008 |
200814s1966 gw a er|||||||||||ger d |
| 040 |
|
|
|a BOA001
|b cze
|e aacr2
|
| 041 |
1 |
|
|a ger
|h slo
|
| 100 |
1 |
|
|a Krüss, James,
|d 1926-1997
|7 mzk2002165401
|4 aut
|
| 245 |
1 |
0 |
|a Was kocht die Maus in ihrem Haus? :
|b Verse nach slowakischen Kinderreimen /
|c von James Krüss ; ilustr. Ľudovít Fulla
|
| 260 |
|
|
|a München :
|b Annette Betz,
|c 1966
|
| 300 |
|
|
|a 1 sv. (nestr.) :
|b il.
|
| 490 |
1 |
|
|a Bilderbücher der sechs
|
| 500 |
|
|
|a Přeloženo ze slovenštiny
|
| 700 |
1 |
|
|a Fulla, Ľudovít,
|d 1902-1980
|7 jn19990209198
|4 ill
|
| 765 |
0 |
|
|t Varila myšička kašičku
|9 Německy
|
| 830 |
|
0 |
|a Bilderbücher der sechs
|
| 910 |
|
|
|a BOA001
|b 3-0564.470
|
| 990 |
|
|
|a BK
|
| 991 |
|
|
|b 202008
|
| 996 |
7 |
|
|b 2618893720
|c 3-0564.470
|l MZK
|r Sklad / do 1 hodiny
|n 0
|w 001819107
|u 000010
|a 1
|e BOA001
|j MZK50
|s A
|